Quizzes
Events
Quiz Creation
Community
Videos
Private Events
Remove Ads
Sign In
Join for FREE
Feedback
Dark Mode
Quiz Categories
Sports
Geography
Music
Movies
Television
Just For Fun
Miscellaneous
History
Literature
Language
Science
Gaming
Entertainment
Religion
Holiday
For Kids
Quiz Lab
Recent
Popular Today
Quiz Kudos Today
Editor Picks
Curator Picks
Quizzes by...
Day
Popularity
Type
Ratings
Length
Year
Community
Subscriptions
Recent Discussions
Orange Saloon
Badges
Playlists
Quests
Create
Leaderboards
Showdown
Live 5
Trivia Bingo
Activity
Puzzle Library
Sporcle Events
Private Events
Virtual Trivia
Globe League
Become a Host
Pub Owners
SporcleCon
Opinionation
Our Games
Videos
Blog
Mobile Apps
Partnerships
Remove Ads and Go Orange
Feedback
Gaming
Video Games
Board Games
Card Games
Pokémon
Mario
Nintendo
Minecraft
Console
Toys
Legend of Zelda
Gaming
Video Games
Board Games
Card Games
Pokémon
Mario
Nintendo
Minecraft
Console
Toys
Legend of Zelda
Random Quiz
Search Sporcle
×
Quiz Lab
Quiz Lab
Gaming
Unlocked
Type in answers that appear in a list
Type in answers that appear in a list
Classic
Best Score? Go Orange.
Call of duty 4 guns Stats
Can you name the Call of duty 4 guns?
By
splishy
8m
26 Questions
135 Plays
135 Plays
135 Plays
Comments
Comments
Give Quiz Kudos
Give Quiz Kudos
-
- Ratings
hide this ad
Replay
Link that replays current quiz
Next Quiz
Link to next quiz in quiz playlist
You Got
0%
They Got
Avg Score
54%
Avg Friend Score
Upgrade to see
Score Distribution
Jump to the score distribution portion of the page
Score
0/26
Timer
08:00
0
Plays Today
rank unlocked at on multiplayer
gun unlocked
% Correct
Private First Class
m16
92.5%
Lance Corporal
ak47
89.6%
Sergeant
m4
85.1%
Private First Class
mp5
77.6%
Brigadier General
desert eagle
70.1%
2nd Lieutenant
g3
69.4%
Colonel
p90
66.4%
Major General
m14
62.7%
Staff Sergeant
uzi
61.9%
Private First Class
saw
61.2%
Lance Corporal
rpd
57.5%
Private First Class
m9
56.7%
Lieutenant Colonel
g36c
55.2%
rank unlocked at on multiplayer
gun unlocked
% Correct
Corporal
m21
53%
Major
r700
50%
Master Gunnery Sergeant
dragunov
46.3%
General
mp44
45.5%
Lieutenant General
barret 50.cal
43.3%
Lance Corporal
skorpion
42.5%
Private First Class II
m40
41%
Private First Class
usp
40.3%
Captain
m1014
33.6%
Private First Class I
w1200
30.6%
1st Lieutenant
ak47u
27.6%
Gunnery Sergeant
m1911
27.6%
Master Sergeant
M60E4
18.7%
Quiz Playlist
Details
Report
Send in Message
Add To Playlist
Classic:
Type in answers that appear in a list
Quiz Source
Last Updated: Feb 16, 2017
Quiz Scoreboard
CHALLENGE
Sign Up to Join the Scoreboard
Show All
Scores
Hide
Comments
May contain spoilers
Recently Published
An Introduction to Baseball
by treessimontrees
Sports
5m
Movies - When Are They Set?
by FPL_Elf
Movies
5m
Popular People in 1961
by mucciniale
History
6m
More to Explore
Quiz From the Vault
Featured Blog Post
Where Did the Easter Bunny Come From?
hide this ad
You Might Also Like...
Tags
Call of Duty
gun
Multiplayer
Unlocked
Today's Top Quizzes in Gaming
Browse Gaming
hide this ad
Top Contributed Quizzes in Gaming
1
Destiny 2 exotic weapons by perk icons
2
5-to-1: Consoles
3
Ultimate Genshin Impact Logic Puzzle (up to 4.3)
4
7-to-1: Board Game Piece Blitz
5
5-to-1: Legend of Zelda
6
Franchise by Action Figure
7
Who's on the WWE 2K24 Cover?
8
Windmill: Pokémon
9
Genshin Impact Logic Puzzle Quiz
10
Legendary or Exotic?
Explore More
Trending Topics
Kpop
Disney
Marvel
Crossword
NBA
Harry Potter
Anime
Pokémon
Puzzle
Song
WWE
Soccer
Country
The Office
NFL
hide this ad
More By:
splishy
Quiz
Plays
Rating
Category
Featured
Created
Call of duty 4 guns
135
3.00
Gaming
Oct 3, 2009
Go to Creator's Profile
Score Distribution
Quiz Creator Spotlight
splishy
Follow
Send a Message
Quizzes Created
-
Created Quiz Play Count
-
More By This Creator
Popular Quizzes Today
1
Find the Countries of Europe - No Outlines Minefield
2
Find the US States - No Outlines Minefield
3
The Countries of the World
4
Popular People in 1961
5
US States
6
Find the US States
7
1-10 Letter E Words III
8
Risky Map Clicking: Biggest States A-Z
More Gaming Quizzes
► Poké Ball - Gotta find 'em all
Editor's Pick
Trending Quizzes
Risky Map Clicking: Least Populous States A-Z
1-10 Letter F Words
1-10 Letter G Words
One Thing in Common: United Kingdom
Not Quite an Element Typing Challenge
Recently Updated
Leaping Animals
pecheneg
Reality TV Shows (A-Z)
bhenderson79
Rickey Henderson's Hall of Fame Teammates
pecheneg
Champions League XIs: Arsenal
pecheneg
Quick Pick: Celebrities in WWE's Hall of Fame
aduchscher
A-Z Keypad Blitz II
pecheneg
Multiple Oscar Actors
pecheneg
Mystery Phrase Blitz: Oscar 'Best Actors'
pecheneg
F. Scott Fitzgerald Novels
LTH
Pick 3 Villains
ddd62291
Trending Topics
Marvel
NBA
Disney
Anime
Harry Potter
Kpop
Crossword
Song
NFL
Puzzle
Soccer
Pokémon
Country
The Office
WWE
Your Account Isn't Verified!
In order to create a playlist on Sporcle, you need to verify the email address you used during registration. Go to your
Sporcle Settings
to finish the process.
Report this User
Report this user for behavior that violates our
Community Guidelines
.
Details:
Send Report
Go to the Sporcle.com Mobile Site →
Comments